| 000 | 01014nam a2200205Ii 4500 | ||
|---|---|---|---|
| 003 | JO-AjNU | ||
| 008 | 230605s9999||||xx |||||||||||||| ||und|| | ||
| 040 |
_aJO-AjNU _bara _erda _cJO-AjNU |
||
| 041 | _aara | ||
| 050 | 1 | 4 | _aHE281.5.2009 |
| 100 | 3 |
_aلاشين،عبدالقادر فتحي/فريق خبراء من المنظمة العربية للتنمية الادارية, _eauthor _932881 |
|
| 245 | 0 | 0 | _aالمعالم الاساسية للنقل في الوطن العربي:بيانات احصائية ودراسة وتحليل |
| 264 | 3 | 1 | _aالقاهرة: المنظمة العربية للتنمية الادارية،2009 |
| 300 |
_a575ص _bيحتوي على ملاحق من ص547-572 |
||
| 336 |
_atext _btxt _2rdacontent |
||
| 337 |
_aunmediated _bn _2rdamedia |
||
| 338 |
_avolume _bnc _2rdacarrier |
||
| 490 | 0 | _aالمنظمة العربية للتنمية الادارية بحوث ودراسات؛459 | |
| 650 | 4 |
_aالنقل البري - البلاد العربية - إحصاءات _932882 |
|
| 999 |
_aA13324 _c16892 _d16892 |
||